[Event "FIDE Open World Blitz 2021"]
[Site "Warsaw"]
[Date "2021.12.29"]
[Round "5.9"]
[White "Sychev, Klementy"]
[Black "Nakamura, Hikaru"]
[Result "1/2-1/2"]
[WhiteElo "2615"]
[BlackElo "2736"]
[Annotator "ChessBase"]
[PlyCount "117"]
[EventDate "2021.12.29"]
[EventType "swiss"]
[EventCountry "POL"]
[Tiebreak "Cut1 Buchholz"]
[SourceTitle "playchess.com"]
[Source "ChessBase"]
[SourceQuality "1"]

1. d4 Nf6 2. c4 e6 3. Nc3 Bb4 4. Bf4 O-O 5. Qb3 a5 6. a3 Bxc3+ 7. Qxc3 a4 8. f3
d5 9. c5 b6 10. e3 Ba6 11. Bxa6 Rxa6 12. cxb6 cxb6 13. Ne2 b5 14. Qd3 Rb6 15.
Nc3 Qd7 16. O-O Nc6 17. Nxb5 Na5 18. Nc3 Nc4 19. Rab1 Rb3 20. Qe2 h6 21. h3 Rc8
22. Kh1 Qc6 23. Rfc1 Qa6 24. Kh2 Rc6 25. e4 Nh5 26. Bg3 Nxg3 27. Kxg3 Rc8 28.
exd5 Qd6+ 29. f4 exd5 30. Qg4 Rc7 31. Kh2 Nxb2 32. Ne2 Rxc1 33. Rxc1 Nc4 34.
Qc8+ Kh7 35. Qf5+ Qg6 36. Qxd5 Ne3 37. Qc6 Qxc6 38. Rxc6 Rb2 39. Nc3 Rxg2+ 40.
Kh1 Rd2 41. d5 Nxd5 42. Rd6 Rd3 43. Nxd5 Rxh3+ 44. Kg2 Rxa3 45. Ra6 Ra1 46. f5
a3 47. Ra7 a2 48. Nb4 Rb1 49. Nxa2 Rb5 50. f6 g5 51. Rxf7+ Kg6 52. Ra7 Kxf6 53.
Nc3 Rb2+ 54. Kf3 Rb3 55. Rc7 Ke5 56. Kg4 Rb4+ 57. Kg3 h5 58. Rc5+ Kd4 59. Rxg5
1/2-1/2

[Event "FIDE Open World Blitz 2021"]
[Site "Warsaw"]
[Date "2021.12.29"]
[Round "5.10"]
[White "Pichot, Alan"]
[Black "Samunenkov, Ihor"]
[Result "0-1"]
[WhiteElo "2630"]
[BlackElo "2348"]
[Annotator "ChessBase"]
[PlyCount "71"]
[EventDate "2021.12.29"]
[EventType "swiss"]
[EventCountry "POL"]
[Tiebreak "Cut1 Buchholz"]
[SourceTitle "playchess.com"]
[Source "ChessBase"]
[SourceQuality "1"]

1. e4 c6 2. d4 d5 3. e5 Bf5 4. h4 h5 5. Bd3 Bxd3 6. Qxd3 Qa5+ 7. b4 Qa6 8. Qf3
e6 9. c3 Qb6 10. a4 a5 11. bxa5 Qxa5 12. Ne2 Ne7 13. Ng3 g6 14. Bg5 Bg7 15. Nd2
Nd7 16. O-O Nf5 17. Rfb1 Nxg3 18. fxg3 Qc7 19. g4 hxg4 20. Qxg4 O-O 21. Nf3
Rae8 22. Re1 f5 23. Qg3 Nb6 24. h5 gxh5 25. Kf2 Qf7 26. Bf4 Nc4 27. Rh1 Nb2 28.
Ke2 c5 29. Qg5 cxd4 30. Rxh5 d3+ 31. Kf2 Qe7 32. Qg6 d2 33. Rah1 Nd3+ 34. Ke3
Qc5+ 35. Kxd3 Qc4+ 36. Ke3 0-1

[Event "FIDE Open World Blitz 2021"]
[Site "Warsaw"]
[Date "2021.12.29"]
[Round "5.10"]
[White "Oparin, Grigoriy"]
[Black "Giri, Anish"]
[Result "1/2-1/2"]
[WhiteElo "2580"]
[BlackElo "2774"]
[Annotator "ChessBase"]
[PlyCount "92"]
[EventDate "2021.12.29"]
[EventType "swiss"]
[EventCountry "POL"]
[Tiebreak "Cut1 Buchholz"]
[SourceTitle "playchess.com"]
[Source "ChessBase"]
[SourceQuality "1"]

1. Nf3 Nf6 2. g3 c5 3. c4 Nc6 4. d4 cxd4 5. Nxd4 d6 6. Bg2 Bd7 7. O-O g6 8. Nc3
Bg7 9. Nxc6 Bxc6 10. e4 h5 11. h3 O-O 12. Qe2 Nd7 13. Bd2 a6 14. Rac1 b5 15.
cxb5 axb5 16. a3 Ne5 17. Bg5 Qd7 18. Rfd1 Rfe8 19. Nd5 Bxd5 20. Rxd5 Nc4 21. b3
Nxa3 22. e5 Qe6 23. Rd2 Ra6 24. exd6 Rxd6 25. Qxe6 Rxe6 26. Rc7 Bf6 27. Bxf6
Rxf6 28. Re2 Kf8 29. Bc6 Rd8 30. Rexe7 Rd1+ 31. Kg2 Rd2 32. Re8+ Kg7 33. Bf3
Nc2 34. Re2 Rxe2 35. Bxe2 Nd4 36. Bf1 Rb6 37. b4 Nc6 38. Rc8 Nxb4 39. Rc5 Na6
40. Rxb5 Rxb5 41. Bxb5 Nc5 42. Bc4 Kf6 43. h4 Nd7 44. Bb3 Ke7 45. Kf3 Ne5+ 46.
Ke4 Nd7 1/2-1/2

[Event "FIDE Open World Blitz 2021"]
[Site "Warsaw"]
[Date "2021.12.29"]
[Round "5.11"]
[White "Matlakov, Maxim"]
[Black "Dubov, Daniil"]
[Result "1/2-1/2"]
[WhiteElo "2614"]
[BlackElo "2714"]
[Annotator "ChessBase"]
[PlyCount "50"]
[EventDate "2021.12.29"]
[EventType "swiss"]
[EventCountry "POL"]
[Tiebreak "Cut1 Buchholz"]
[SourceTitle "playchess.com"]
[Source "ChessBase"]
[SourceQuality "1"]

1. d4 d5 2. c4 c6 3. Nf3 Nf6 4. Qc2 g6 5. e3 Bg7 6. Nc3 O-O 7. Be2 a6 8. O-O
Bf5 9. Qb3 Ra7 10. cxd5 cxd5 11. Ne5 Nc6 12. Nxc6 bxc6 13. Bd2 Nd7 14. Rfc1 e5
15. dxe5 Nxe5 16. Na4 Re8 17. Bc3 Qh4 18. Nc5 Bg4 19. Qd1 h5 20. h3 Bf5 21. Bd4
Rae7 22. Bf1 Bg4 23. Be2 Bf5 24. Bf1 Bg4 25. Be2 Bf5 1/2-1/2

[Event "FIDE Open World Blitz 2021"]
[Site "Warsaw"]
[Date "2021.12.29"]
[Round "5.11"]
[White "Erdos, Viktor"]
[Black "Szpar, Milosz"]
[Result "0-1"]
[WhiteElo "2599"]
[BlackElo "2285"]
[Annotator "ChessBase"]
[PlyCount "70"]
[EventDate "2021.12.29"]
[EventType "swiss"]
[EventCountry "POL"]
[Tiebreak "Cut1 Buchholz"]
[SourceTitle "playchess.com"]
[Source "ChessBase"]
[SourceQuality "1"]

1. e4 c5 2. Nf3 d6 3. c3 Nf6 4. Be2 g6 5. O-O Bg7 6. Bb5+ Nc6 7. d4 O-O 8. d5
a6 9. Bd3 Na5 10. Re1 b5 11. Nbd2 e6 12. dxe6 Bxe6 13. Ng5 Bg4 14. Be2 Bd7 15.
Bf1 Qb6 16. Nb3 Nb7 17. Bf4 Rad8 18. Qc2 a5 19. a4 bxa4 20. Nd2 Nh5 21. Nc4 Qc6
22. Bd2 Rfe8 23. Rad1 Bg4 24. Ra1 Bd7 25. h3 Nf6 26. Bf4 h6 27. Nf3 Nxe4 28.
Bd3 f5 29. Nfd2 d5 30. Bxe4 fxe4 31. Ne3 d4 32. Nec4 g5 33. Bg3 d3 34. Qd1 Qg6
35. Nb6 Qxb6 0-1

[Event "FIDE Open World Blitz 2021"]
[Site "Warsaw"]
[Date "2021.12.29"]
[Round "5.12"]
[White "Vastrukhin, Oleg"]
[Black "Sankalp, Gupta"]
[Result "1/2-1/2"]
[WhiteElo "2588"]
[BlackElo "2323"]
[Annotator "ChessBase"]
[PlyCount "163"]
[EventDate "2021.12.29"]
[EventType "swiss"]
[EventCountry "POL"]
[Tiebreak "Cut1 Buchholz"]
[SourceTitle "playchess.com"]
[Source "ChessBase"]
[SourceQuality "1"]

1. Nf3 d5 2. g3 c5 3. Bg2 Nf6 4. O-O e6 5. d3 Nc6 6. Nbd2 Be7 7. e4 O-O 8. e5
Nd7 9. Re1 b5 10. h4 a5 11. Nf1 a4 12. h5 b4 13. h6 g6 14. N1h2 a3 15. b3 Na7
16. Ng4 Nb5 17. Bf4 Nc3 18. Qd2 Bb7 19. Bg5 d4 20. Bxe7 Qxe7 21. Ng5 Bxg2 22.
Kxg2 Ra6 23. Ne4 Nxe4 24. Rxe4 f5 25. exf6 Nxf6 26. Nxf6+ Qxf6 27. Rae1 Rd6 28.
Re5 Rd5 29. Rxd5 Qf3+ 30. Kg1 Qxd5 31. Qe2 Rf6 32. Qe4 Kf7 33. Qxd5 exd5 34.
Re5 Rd6 35. Kf1 Kf6 36. f4 Rd8 37. Ke2 Kf7 38. g4 Kf6 39. Kf3 Kf7 40. g5 Rd6
41. Kg4 c4 42. f5 gxf5+ 43. Kxf5 cxb3 44. cxb3 Rd8 45. Re6 Rc8 46. Rf6+ Kg8 47.
Rd6 Rc2 48. Rd8+ Kf7 49. Rd7+ Kg8 50. Ke5 Rxa2 51. Kxd5 Rg2 52. Rg7+ Kh8 53.
Kxd4 a2 54. Ra7 Kg8 55. Kc4 Rxg5 56. Rxa2 Rg6 57. Ra8+ Kf7 58. Ra7+ Kg8 59. d4
Rxh6 60. Kxb4 Kf8 61. d5 Ke8 62. Kc5 Kd8 63. b4 Kc8 64. b5 Rh1 65. Kc6 Rc1+ 66.
Kd6 h5 67. Rh7 Rh1 68. Rh8+ Kb7 69. Kd7 h4 70. d6 h3 71. Ke6 h2 72. d7 Re1+ 73.
Kf6 Rf1+ 74. Ke7 Re1+ 75. Kd8 h1=Q 76. Rxh1 Rxh1 77. Ke7 Re1+ 78. Kd6 Rd1+ 79.
Ke7 Re1+ 80. Kd6 Rd1+ 81. Ke7 Re1+ 82. Kd6 1/2-1/2

[Event "FIDE Open World Blitz 2021"]
[Site "Warsaw"]
[Date "2021.12.29"]
[Round "5.12"]
[White "Harsha, Bharathakoti"]
[Black "Martirosyan, Haik M."]
[Result "0-1"]
[WhiteElo "2576"]
[BlackElo "2624"]
[Annotator "ChessBase"]
[PlyCount "54"]
[EventDate "2021.12.29"]
[EventType "swiss"]
[EventCountry "POL"]
[Tiebreak "Cut1 Buchholz"]
[SourceTitle "playchess.com"]
[Source "ChessBase"]
[SourceQuality "1"]

1. d4 Nf6 2. Nf3 e6 3. g3 b5 4. Bg2 Bb7 5. a4 b4 6. c4 bxc3 7. bxc3 Be7 8. O-O
O-O 9. c4 a5 10. Nc3 Na6 11. Bf4 Ne4 12. Nxe4 Bxe4 13. Qd2 Nb4 14. Rfc1 d6 15.
Qe3 Bg6 16. Ne1 Rb8 17. Qd2 Bf6 18. Ra3 Re8 19. Be3 Qd7 20. d5 h6 21. Nd3 Nxd3
22. exd3 Bb2 23. Rca1 Bxa3 24. Rxa3 Rb1+ 25. Bf1 exd5 26. cxd5 Qh3 27. Qe2 Bh5
0-1

[Event "FIDE Open World Blitz 2021"]
[Site "Warsaw"]
[Date "2021.12.29"]
[Round "5.13"]
[White "Mikhalevski, Victor"]
[Black "Thybo, Jesper Sondergaard"]
[Result "0-1"]
[WhiteElo "2577"]
[BlackElo "2195"]
[Annotator "ChessBase"]
[PlyCount "65"]
[EventDate "2021.12.29"]
[EventType "swiss"]
[EventCountry "POL"]
[Tiebreak "Cut1 Buchholz"]
[SourceTitle "playchess.com"]
[Source "ChessBase"]
[SourceQuality "1"]

1. Nf3 d5 2. g3 Nf6 3. Bg2 c5 4. O-O Nc6 5. d4 cxd4 6. Nxd4 e5 7. Nxc6 bxc6 8.
c4 Be6 9. Qa4 Qd7 10. Nc3 Rc8 11. cxd5 cxd5 12. Qxd7+ Kxd7 13. Rd1 Bc5 14. Bg5
Ng4 15. e3 h6 16. h3 Nxf2 17. Kxf2 hxg5 18. Nxd5 Bxd5 19. Rxd5+ Ke6 20. Rad1 f5
21. Ke2 e4 22. a3 g6 23. g4 Be7 24. R5d2 Rhd8 25. Rxd8 Bxd8 26. Rd2 Ba5 27. b4
Bb6 28. a4 Rc3 29. a5 Bxe3 30. Rd8 Ke5 31. b5 Bd4 32. Kd1 Ra3 33. a6 0-1

[Event "FIDE Open World Blitz 2021"]
[Site "Warsaw"]
[Date "2021.12.29"]
[Round "5.13"]
[White "Ivic, Velimir"]
[Black "Shevchenko, Kirill"]
[Result "1-0"]
[WhiteElo "2575"]
[BlackElo "2647"]
[Annotator "ChessBase"]
[PlyCount "83"]
[EventDate "2021.12.29"]
[EventType "swiss"]
[EventCountry "POL"]
[Tiebreak "Cut1 Buchholz"]
[SourceTitle "playchess.com"]
[Source "ChessBase"]
[SourceQuality "1"]

1. e4 c5 2. Nf3 d6 3. d4 cxd4 4. Nxd4 Nf6 5. Nc3 Nc6 6. Bg5 e6 7. Qd2 a6 8.
O-O-O Bd7 9. Kb1 Nxd4 10. Qxd4 Be7 11. f3 b5 12. h4 h6 13. Bc1 h5 14. Bg5 Rb8
15. e5 dxe5 16. Qxe5 Rc8 17. Ne4 Nxe4 18. Bxe7 Qxe7 19. Qxe4 Bc6 20. Qe5 Qf6
21. Qc5 Qe7 22. Qb6 O-O 23. Bd3 Bd5 24. Rhe1 Qf6 25. a3 Rc6 26. Qe3 Rb8 27. g4
b4 28. a4 b3 29. c3 Qxf3 30. Qe5 Rd8 31. Rf1 Qxg4 32. Rg1 f6 33. Qe3 Qxa4 34.
Qh6 Qa2+ 35. Kc1 Qa1+ 36. Kd2 Qxb2+ 37. Ke3 Rc7 38. Qh7+ Kf8 39. Qh8+ Ke7 40.
Rxg7+ Kd6 41. Qxd8+ Ke5 42. Qxc7# 1-0

[Event "FIDE Open World Blitz 2021"]
[Site "Warsaw"]
[Date "2021.12.29"]
[Round "5.14"]
[White "Jumabayev, Rinat"]
[Black "Fridman, Daniel"]
[Result "1-0"]
[WhiteElo "2658"]
[BlackElo "2626"]
[Annotator "ChessBase"]
[PlyCount "99"]
[EventDate "2021.12.29"]
[EventType "swiss"]
[EventCountry "POL"]
[Tiebreak "Cut1 Buchholz"]
[SourceTitle "playchess.com"]
[Source "ChessBase"]
[SourceQuality "1"]

1. d4 d5 2. c4 e6 3. Nc3 c5 4. cxd5 cxd4 5. Qa4+ Bd7 6. Qxd4 exd5 7. Nf3 Nf6 8.
e3 Nc6 9. Qd1 Bb4 10. Bd2 O-O 11. Bd3 Bg4 12. Ne2 Bxd2+ 13. Qxd2 Bxf3 14. gxf3
d4 15. exd4 Qd5 16. Rg1 g6 17. Qg5 Qxg5 18. Rxg5 Rfd8 19. O-O-O Rac8 20. Bc2
Rc7 21. Kb1 Rcd7 22. Ba4 Nxd4 23. Bxd7 Nxe2 24. Rb5 b6 25. Re5 Nf4 26. Rd4 N4h5
27. Re3 Kf8 28. Red3 g5 29. Bg4 Rxd4 30. Rxd4 Nf4 31. Rd8+ Kg7 32. Ra8 a5 33.
Rb8 N6d5 34. Rb7 Kf6 35. Bd7 Nd3 36. Bc6 N5f4 37. Rxb6 Nxf2 38. Be4+ Kg7 39. a4
g4 40. Ba8 gxf3 41. Bxf3 N2d3 42. Rb5 Ne6 43. Rxa5 Kf6 44. Ra6 Ke5 45. Ra7 f5
46. a5 Nd4 47. Bh1 f4 48. a6 Nc5 49. Re7+ Kd6 50. a7 1-0

[Event "FIDE Open World Blitz 2021"]
[Site "Warsaw"]
[Date "2021.12.29"]
[Round "5.14"]
[White "Klekowski, Maciej"]
[Black "Halkias, Stelios"]
[Result "1-0"]
[WhiteElo "2499"]
[BlackElo "2575"]
[Annotator "ChessBase"]
[PlyCount "123"]
[EventDate "2021.12.29"]
[EventType "swiss"]
[EventCountry "POL"]
[Tiebreak "Cut1 Buchholz"]
[SourceTitle "playchess.com"]
[Source "ChessBase"]
[SourceQuality "1"]

1. c4 Nf6 2. Nc3 g6 3. d4 Bg7 4. e4 d6 5. h3 O-O 6. Be3 Nc6 7. Nf3 e5 8. d5 Nd4
9. Be2 Nxe2 10. Qxe2 Nh5 11. c5 h6 12. O-O Re8 13. Rac1 a6 14. Qd2 f5 15. Bxh6
f4 16. Bxg7 Kxg7 17. cxd6 cxd6 18. Rc2 g5 19. Rfc1 g4 20. hxg4 Bxg4 21. Nh2 Bd7
22. Ne2 Nf6 23. Qd3 Rh8 24. Rc7 Rc8 25. Rxc8 Bxc8 26. Nf3 Bd7 27. Nc3 Qe8 28.
Re1 Qg6 29. Kf1 Rh5 30. Ke2 Kf7 31. a4 Ke7 32. Rg1 Rh8 33. Nd2 Bg4+ 34. f3 Bd7
35. Nc4 Rh2 36. Kd2 Rxg2+ 37. Rxg2 Qxg2+ 38. Qe2 Qg1 39. Kc2 Qc5 40. Kb3 b5 41.
axb5 axb5 42. Nd2 b4 43. Ncb1 Bb5 44. Qg2 Kf7 45. Qh3 Bd7 46. Qf1 Bb5 47. Qh3
Bd7 48. Qf1 Qa7 49. Kxb4 Qa4+ 50. Kc3 Qd4+ 51. Kc2 Nh5 52. Nc3 Ng3 53. Qa6 Qe3
54. Qxd6 Bh3 55. Qc7+ Kg6 56. d6 Ne2 57. Nxe2 Qxe2 58. d7 Qb5 59. Qd6+ Kh5 60.
d8=Q Qa4+ 61. Kc3 Qa5+ 62. Qxa5 1-0

[Event "FIDE Open World Blitz 2021"]
[Site "Warsaw"]
[Date "2021.12.29"]
[Round "5.15"]
[White "Kadric, Denis"]
[Black "Quparadze, Giga"]
[Result "1/2-1/2"]
[WhiteElo "2566"]
[BlackElo "2475"]
[Annotator "ChessBase"]
[PlyCount "88"]
[EventDate "2021.12.29"]
[EventType "swiss"]
[EventCountry "POL"]
[Tiebreak "Cut1 Buchholz"]
[SourceTitle "playchess.com"]
[Source "ChessBase"]
[SourceQuality "1"]

1. e4 c5 2. Nc3 a6 3. g3 b5 4. Bg2 Bb7 5. Nge2 e6 6. d4 cxd4 7. Nxd4 Nc6 8. O-O
Nxd4 9. Qxd4 Ne7 10. Bd2 Nc6 11. Qe3 Ne5 12. Qd4 f6 13. a4 b4 14. Na2 Rc8 15.
Bxb4 Rxc2 16. Bxf8 Rxf8 17. Rfc1 Nc6 18. Qd1 Rxb2 19. Rcb1 Rxb1 20. Rxb1 Qc7
21. Qh5+ Ke7 22. Qxh7 Ne5 23. Qxg7+ Rf7 24. Qh6 Qc2 25. Qc1 Qxa2 26. Rxb7 Nd3
27. Qf1 Qc2 28. h4 Rf8 29. e5 Nxe5 30. Qxa6 Rc8 31. Qb6 Qd1+ 32. Kh2 Rc2 33.
Qb4+ Kf7 34. Rb8 Ng4+ 35. Kh3 Nxf2+ 36. Kh2 Ng4+ 37. Kh3 Nf2+ 38. Kh2 Ng4+ 39.
Kh3 Nf2+ 40. Kh2 Ng4+ 41. Kh3 Nf2+ 42. Kh2 Ng4+ 43. Kh3 Nf2+ 44. Kh2 Ng4+
1/2-1/2

[Event "FIDE Open World Blitz 2021"]
[Site "Warsaw"]
[Date "2021.12.29"]
[Round "5.15"]
[White "Babazada, Khazar"]
[Black "Corrales Jimenez, Fidel"]
[Result "1/2-1/2"]
[WhiteElo "2302"]
[BlackElo "2523"]
[Annotator "ChessBase"]
[PlyCount "65"]
[EventDate "2021.12.29"]
[EventType "swiss"]
[EventCountry "POL"]
[Tiebreak "Cut1 Buchholz"]
[SourceTitle "playchess.com"]
[Source "ChessBase"]
[SourceQuality "1"]

1. e4 c5 2. Nf3 d6 3. d4 cxd4 4. Nxd4 Nf6 5. Nc3 a6 6. h3 e6 7. g4 h6 8. f4 Nc6
9. Be3 Qc7 10. Qd2 Be7 11. O-O-O Bd7 12. g5 hxg5 13. fxg5 Nh5 14. g6 f6 15.
Nxc6 bxc6 16. Bc4 Rb8 17. Rhe1 Kf8 18. Qd3 d5 19. Bb3 Be8 20. exd5 cxd5 21. Kb1
Rd8 22. Ne2 a5 23. Nd4 Qc8 24. Qc3 Bd7 25. Qxa5 Ng3 26. Bd2 Ne4 27. Bb4 Bxb4
28. Qxb4+ Qc5 29. Qb7 Nd6 30. Qxd7 Rxd7 31. Nxe6+ Kg8 32. Nxc5 Rxh3 33. Nxd7
1/2-1/2

[Event "FIDE Open World Blitz 2021"]
[Site "Warsaw"]
[Date "2021.12.29"]
[Round "5.16"]
[White "Tologontegin, Semetey"]
[Black "Berchtenbreiter, Maximilian"]
[Result "1-0"]
[WhiteElo "2224"]
[BlackElo "2506"]
[Annotator "ChessBase"]
[PlyCount "117"]
[EventDate "2021.12.29"]
[EventType "swiss"]
[EventCountry "POL"]
[Tiebreak "Cut1 Buchholz"]
[SourceTitle "playchess.com"]
[Source "ChessBase"]
[SourceQuality "1"]

1. d4 Nf6 2. c4 a6 3. Nc3 c5 4. e3 g6 5. Nf3 Bg7 6. b3 cxd4 7. exd4 d5 8. Be2
O-O 9. O-O Nc6 10. h3 Bf5 11. Be3 Rc8 12. Rc1 dxc4 13. bxc4 Ne4 14. Nxe4 Bxe4
15. d5 Bxf3 16. Bxf3 Ne5 17. Be2 b6 18. Qb3 Nd7 19. Rb1 Rb8 20. Qa4 a5 21. Qc6
Bf6 22. Rfd1 Nc5 23. d6 e6 24. Bf3 Nd7 25. Be2 Rc8 26. Qb5 Rb8 27. Bf3 Qc8 28.
Bc6 Ne5 29. Be4 Qxc4 30. Qxc4 Nxc4 31. d7 Nxe3 32. fxe3 Be7 33. Kf2 Bc5 34. Kf3
Rfd8 35. Bc6 Kf8 36. a4 Ke7 37. Bb5 f5 38. Rbc1 Rb7 39. Rc3 Rc7 40. Rdc1 h5 41.
h4 Rf8 42. g3 e5 43. e4 f4 44. Rd1 fxg3+ 45. Kxg3 Kd8 46. Rf3 Rxf3+ 47. Kxf3
Be7 48. Rg1 Rc3+ 49. Ke2 Bxh4 50. Rxg6 Kc7 51. Rh6 Bd8 52. Rxh5 Rc5 53. Kd3 Be7
54. Rh7 Kd8 55. Rh8+ Kc7 56. Rc8+ Kd6 57. d8=Q+ Bxd8 58. Rxd8+ Ke6 59. Rb8 1-0

[Event "FIDE Open World Blitz 2021"]
[Site "Warsaw"]
[Date "2021.12.29"]
[Round "5.16"]
[White "Klimkowski, Jan"]
[Black "Maghsoodloo, Parham"]
[Result "1-0"]
[WhiteElo "2015"]
[BlackElo "2706"]
[Annotator "ChessBase"]
[PlyCount "75"]
[EventDate "2021.12.29"]
[EventType "swiss"]
[EventCountry "POL"]
[Tiebreak "Cut1 Buchholz"]
[SourceTitle "playchess.com"]
[Source "ChessBase"]
[SourceQuality "1"]

1. e4 c5 2. Nf3 Nc6 3. d4 cxd4 4. Nxd4 e5 5. Nb5 d6 6. N5c3 Nf6 7. Bg5 Be7 8.
Bxf6 Bxf6 9. Nd5 Bg5 10. Bd3 O-O 11. O-O Be6 12. Nbc3 a6 13. a4 Rc8 14. Kh1 g6
15. f4 exf4 16. Nxf4 Bxf4 17. Rxf4 Ne5 18. Qd2 Qb6 19. Rb1 Qb4 20. Rh4 f6 21.
Rf4 Rf7 22. Rf2 Kg7 23. h3 Qd4 24. Rbf1 Qb6 25. Nd1 Bc4 26. Bxc4 Rxc4 27. Ne3
Rd4 28. Qc1 Nd7 29. Nd5 Qc5 30. Qf4 f5 31. c3 Rxa4 32. b4 Qc4 33. Ne3 Qxc3 34.
exf5 Rxb4 35. Qxd6 Rb6 36. f6+ Qxf6 37. Rxf6 Rxd6 38. Rxf7+ 1-0

[Event "FIDE Open World Blitz 2021"]
[Site "Warsaw"]
[Date "2021.12.29"]
[Round "5.17"]
[White "Duda, Jan-Krzysztof"]
[Black "Tang, Andrew"]
[Result "1-0"]
[WhiteElo "2756"]
[BlackElo "2588"]
[Annotator "ChessBase"]
[PlyCount "53"]
[EventDate "2021.12.29"]
[EventType "swiss"]
[EventCountry "POL"]
[Tiebreak "Cut1 Buchholz"]
[SourceTitle "playchess.com"]
[Source "ChessBase"]
[SourceQuality "1"]

1. e4 e5 2. Nf3 Nc6 3. Bb5 g6 4. c3 a6 5. Ba4 Bg7 6. d4 exd4 7. cxd4 b5 8. Bb3
Na5 9. Bc2 Ne7 10. O-O O-O 11. h3 d6 12. a4 Bb7 13. d5 c6 14. dxc6 Nexc6 15.
Bg5 Qb6 16. axb5 axb5 17. Nc3 Nb4 18. Be3 Qc7 19. Bb1 Bc6 20. Bd4 Bh6 21. Nh2
Bd7 22. Ba2 Qb7 23. Bd5 Bc6 24. Ng4 Bg7 25. Bxg7 Kxg7 26. Qd4+ f6 27. Qxb4 1-0

[Event "FIDE Open World Blitz 2021"]
[Site "Warsaw"]
[Date "2021.12.29"]
[Round "5.17"]
[White "Ponkratov, Pavel"]
[Black "Aditya, Mittal"]
[Result "1-0"]
[WhiteElo "2662"]
[BlackElo "2245"]
[Annotator "ChessBase"]
[PlyCount "111"]
[EventDate "2021.12.29"]
[EventType "swiss"]
[EventCountry "POL"]
[Tiebreak "Cut1 Buchholz"]
[SourceTitle "playchess.com"]
[Source "ChessBase"]
[SourceQuality "1"]

1. e4 c5 2. Nf3 d6 3. d4 cxd4 4. Nxd4 Nf6 5. f3 e5 6. Nb3 d5 7. Bg5 Be6 8. exd5
Qxd5 9. Nc3 Qxd1+ 10. Rxd1 Nbd7 11. Nb5 Rc8 12. c3 a6 13. Nd6+ Bxd6 14. Rxd6
Ke7 15. Rd2 h6 16. Bh4 g5 17. Bf2 Bc4 18. Bxc4 Rxc4 19. O-O b6 20. Re1 Re8 21.
Nd4 Kf8 22. Nf5 Rc6 23. Nxh6 e4 24. fxe4 Nc5 25. Bxc5+ bxc5 26. e5 Rce6 27. Rf1
Rxe5 28. Rxf6 Kg7 29. Rxa6 Re4 30. Nf5+ Kf8 31. h3 Rf4 32. Ng3 Re3 33. Kh2 g4
34. Ra8+ Ke7 35. Re2 Rxe2 36. Nxe2 Rf2 37. Ng3 gxh3 38. Kxh3 Rxb2 39. Ne4 Rc2
40. g3 c4 41. Ra4 f5 42. Rxc4 fxe4 43. Rxe4+ Kf6 44. c4 Rxa2 45. Kg4 Rc2 46.
Rf4+ Kg6 47. Rd4 Kf6 48. Kf4 Rf2+ 49. Ke3 Rg2 50. g4 Ke5 51. Re4+ Kd6 52. Kf4
Rf2+ 53. Kg5 Rf8 54. Kg6 Rg8+ 55. Kf7 Rg5 56. Kf6 1-0

[Event "FIDE Open World Blitz 2021"]
[Site "Warsaw"]
[Date "2021.12.29"]
[Round "5.18"]
[White "Vachier-Lagrave, Maxime"]
[Black "Antipov, Mikhail Al."]
[Result "1/2-1/2"]
[WhiteElo "2766"]
[BlackElo "2587"]
[Annotator "ChessBase"]
[PlyCount "195"]
[EventDate "2021.12.29"]
[EventType "swiss"]
[EventCountry "POL"]
[Tiebreak "Cut1 Buchholz"]
[SourceTitle "playchess.com"]
[Source "ChessBase"]
[SourceQuality "1"]

1. e4 e5 2. Nf3 Nc6 3. Bb5 Nf6 4. O-O Nxe4 5. Re1 Nd6 6. Nxe5 Be7 7. Bf1 Nxe5
8. Rxe5 O-O 9. d4 Bf6 10. Re2 Nc4 11. b3 Nb6 12. c4 d5 13. c5 Nd7 14. Bb2 Re8
15. Nc3 c6 16. Qd2 Rxe2 17. Nxe2 Nf8 18. Ng3 g6 19. Re1 Bd7 20. b4 Ne6 21. Bc3
Qf8 22. Ne2 Re8 23. Nc1 Bg5 24. Qd1 Bxc1 25. Qxc1 Ng7 26. Qf4 Rxe1 27. Bxe1 Ne6
28. Qf6 Qd8 29. Qe5 Qc7 30. Qf6 Qd8 31. Qxd8+ Nxd8 32. f3 f6 33. Kf2 Kf7 34.
Ke3 Ne6 35. Bg3 a6 36. Bd6 Ng7 37. Kd3 Nf5 38. Bc7 h5 39. g3 Ng7 40. Kc3 Ne6
41. Bd6 Ng5 42. Be2 Ke8 43. h4 Nf7 44. Bc7 f5 45. Kb3 Be6 46. Ka4 Kd7 47. Bf4
Kc8 48. Ka5 Bd7 49. Kb6 Nd8 50. Be5 Ne6 51. a4 Be8 52. g4 fxg4 53. fxg4 hxg4
54. Bxg4 Bd7 55. Bf3 Be8 56. b5 axb5 57. axb5 Nf8 58. Ka5 Nd7 59. Bg4 Kd8 60.
bxc6 bxc6 61. Bf4 Kc8 62. Ka6 Bf7 63. Ka7 Bg8 64. Bd2 Bf7 65. Ba5 Bg8 66. Bb6
Bf7 67. Ka6 Bg8 68. Ka5 Bf7 69. Kb4 Be8 70. Be6 Kb7 71. Bd8 Nf8 72. Bg4 Bd7 73.
Be2 Bf5 74. Ka5 Ne6 75. Ba6+ Ka7 76. Bf6 Nf4 77. Be5 Ne6 78. Be2 Nd8 79. Kb4
Ne6 80. Kc3 Kb7 81. Kd2 Ka7 82. Ke3 Kb7 83. Bd1 Ka7 84. Ba4 Kb7 85. Kf3 Nd8 86.
Kf4 Ne6+ 87. Kg3 Nd8 88. Bd1 Ne6 89. Be2 Ka7 90. Kf2 Kb7 91. Ke3 Ka7 92. Kd2
Kb7 93. Kc3 Ka7 94. Kb4 Kb7 95. Ka5 Ka7 96. Ba6 Be4 97. Bc8 Bf5 98. Bxe6
1/2-1/2

[Event "FIDE Open World Blitz 2021"]
[Site "Warsaw"]
[Date "2021.12.29"]
[Round "5.18"]
[White "Heimann, Andreas"]
[Black "Kozak, Adam"]
[Result "1-0"]
[WhiteElo "2584"]
[BlackElo "2532"]
[Annotator "ChessBase"]
[PlyCount "107"]
[EventDate "2021.12.29"]
[EventType "swiss"]
[EventCountry "POL"]
[Tiebreak "Cut1 Buchholz"]
[SourceTitle "playchess.com"]
[Source "ChessBase"]
[SourceQuality "1"]

1. e4 c5 2. Nf3 a6 3. c4 e6 4. Nc3 Qc7 5. d4 cxd4 6. Nxd4 Nf6 7. a3 b6 8. Be2
Bb7 9. f3 Nc6 10. Be3 Nxd4 11. Bxd4 Bd6 12. Qb3 Bc5 13. Bxc5 bxc5 14. Rd1 Bc6
15. Qc2 Rb8 16. O-O g5 17. Qd2 Qe5 18. Rfe1 h5 19. Bf1 h4 20. Qf2 Kf8 21. Rd2
Nh5 22. Nd5 Kg7 23. b4 cxb4 24. axb4 Nf4 25. h3 exd5 26. exd5 Qf6 27. dxc6 dxc6
28. Qc5 Rhe8 29. Rxe8 Rxe8 30. Rd6 Ne6 31. Qxc6 Rb8 32. b5 axb5 33. cxb5 Qe5
34. Qd5 Qe3+ 35. Kh1 Qe1 36. Qd1 Qc3 37. Rc6 Qe5 38. Bc4 Ra8 39. Bxe6 Ra1 40.
Rc1 Rxc1 41. Qxc1 fxe6 42. Qb1 Qd5 43. b6 Qb7 44. Qb2+ Kg6 45. Qd4 Qa6 46. Qe4+
Kf6 47. b7 Qa1+ 48. Kh2 Qb2 49. f4 Kf7 50. fxg5 Ke7 51. g6 Qb3 52. Qxh4+ Kf8
53. Qf4+ Kg7 54. b8=R 1-0

[Event "FIDE Open World Blitz 2021"]
[Site "Warsaw"]
[Date "2021.12.29"]
[Round "5.19"]
[White "Erigaisi Arjun"]
[Black "Mastrovasilis, Dimitrios"]
[Result "1-0"]
[WhiteElo "2627"]
[BlackElo "2577"]
[Annotator "ChessBase"]
[PlyCount "76"]
[EventDate "2021.12.29"]
[EventType "swiss"]
[EventCountry "POL"]
[Tiebreak "Cut1 Buchholz"]
[SourceTitle "playchess.com"]
[Source "ChessBase"]
[SourceQuality "1"]

1. Nf3 d5 2. c4 e6 3. g3 Nf6 4. Bg2 Be7 5. b3 O-O 6. Bb2 b6 7. O-O Bb7 8. e3
dxc4 9. bxc4 c5 10. Qe2 Nc6 11. Nc3 Qd7 12. Rad1 Rfd8 13. d4 cxd4 14. exd4 Na5
15. d5 Rac8 16. Ne5 Qe8 17. dxe6 fxe6 18. Bxb7 Nxb7 19. Nb5 a6 20. Nd4 Nc5 21.
Nd3 Nfe4 22. Nxc5 Nxc5 23. Nxe6 Rxd1 24. Rxd1 Bf6 25. Bxf6 Qxe6 26. Qxe6+ Nxe6
27. Rd6 Kf7 28. Be5 Rc5 29. f4 Rxc4 30. Rxb6 Rc1+ 31. Kf2 Rc2+ 32. Ke3 Rxa2 33.
Rb7+ Ke8 34. h4 Ra3+ 35. Kf2 Ra2+ 36. Kf3 Ra3+ 37. Kg4 g6 38. Rxh7 Nc5 1-0